Central Library OPAC University of Rajshahi

Green hills of Africa / (Record no. 76506)

MARC details
000 -LEADER
fixed length control field 00630nam a2200229 a 4500
001 - CONTROL NUMBER
control field 76506
003 - CONTROL NUMBER IDENTIFIER
rucl marc code BD-RjUL
005 - DATE AND TIME OF LATEST TRANSACTION
control field 20211209082843.0
008 - FIXED-LENGTH DATA ELEMENTS--GENERAL INFORMATION
fixed length control field 191212r19541936enk 00011 eng d
035 ## - SYSTEM CONTROL NUMBER
System control number (BD-RjUL)76729
System control number 977430
040 ## - CATALOGING SOURCE
Original cataloging agency ANL
Language of cataloging eng
Modifying agency SUA
Transcribing agency BD-RjUL
041 ## - LANGUAGE CODE
Language code of text/sound track or separate title eng
082 0# - DEWEY DECIMAL CLASSIFICATION NUMBER
Edition number 23
Classification number 799.29676
Author mark and year HEG 1954
100 1# - MAIN ENTRY--PERSONAL NAME
Personal name Hemingway, Ernest,
Dates associated with a name 1899-1961.
9 (RLIN) 236418
245 10 - TITLE STATEMENT
Title Green hills of Africa /
Statement of responsibility, etc. by Ernest Hemingway.
260 ## - PUBLICATION, DISTRIBUTION, ETC. (IMPRINT)
Place of publication, distribution, etc. London :
Name of publisher, distributor, etc. Cape,
Date of publication, distribution, etc. 1936 [reprinting 1954]
300 ## - PHYSICAL DESCRIPTION
Pagination 284 p. :
Illustrations ill. ;
Size 21 cm.
650 #0 - SUBJECT ADDED ENTRY--TOPICAL TERM
Topical term or geographic name as entry element Hunting
Geographic subdivision Kenya.
9 (RLIN) 236419
942 ## - ADDED ENTRY ELEMENTS (KOHA)
Source of classification or shelving scheme Dewey Decimal Classification
Koha item type Books
Holdings
Lost status Source of classification or shelving scheme Damaged status Not for loan Collection code Permanent Location Current Location Shelving location Date acquired Total Checkouts Full call number Date last seen Copy number Koha item type
  Dewey Decimal Classification   Not For Loan Non-fiction Central Library, University of Rajshahi Central Library, University of Rajshahi Reading Room 12/12/2019   799.29676 HEG 1954 12/12/2019 C-1 Books